[Event "Open Championships"]
[Site "Paris FRA"]
[Date "2002.07.07"]
[Round "2"]
[White "David,Alb"]
[Black "Pali,A"]
[Result "1-0"]
[WhiteElo "2511"]
[BlackElo "2223"]

1.e4 g6 2.d4 Bg7 3.Nc3 d6 4.Be3 c6 5.Qd2 b5 6.Bd3 Nd7 7.Nf3 Qc7 8.O-O Ngf6
9.Bh6 O-O 10.Ne2 e5 11.c3 c5 12.Ng3 c4 13.Bc2 Bb7 14.Qg5 Ne8 15.Rad1 f6 16.Qd2 Nb6
17.Be3 a5 18.h3 Rc8 19.Nh2 Ba6 20.f4 b4 21.Rf3 a4 22.Qf2 b3 23.Bb1 Nd7 24.a3 Bb7
25.h4 exd4 26.Bxd4 d5 27.f5 Nd6 28.exd5 Bxd5 29.Re3 Bf7 30.fxg6 Bxg6 31.Bxg6 hxg6
32.h5 Ne5 33.hxg6 Bh6 34.Re2 Nd3 35.Qf3 Nf4 36.Ree1 Qc6 37.Ng4 Bg5 38.Nxf6+ Rxf6
39.Bxf6 Qxf3 40.gxf3 Bxf6 41.Rxd6 Bh4 42.Kh2 Nd3 43.Re2 Rf8 44.Nh5 Nf4 45.Nxf4 Rxf4
46.Rd7 Rxf3 47.Re8+ Rf8 48.Rxf8+ Kxf8 49.Kh3  1-0

[Event "FSIMC July"]
[Site "Budapest HUN"]
[Date "2002.07.08"]
[Round "3"]
[White "Paci,C"]
[Black "Dobos,J"]
[Result "1-0"]
[WhiteElo "2178"]
[BlackElo "2311"]

1.d4 g6 2.e4 Bg7 3.Nc3 d6 4.Be3 a6 5.Qd2 Nd7 6.f3 b5 7.h4 h5 8.Nh3 Bb7 9.Ng5 Ngf6
10.O-O-O c6 11.e5 dxe5 12.dxe5 Nxe5 13.Qxd8+ Rxd8 14.Rxd8+ Kxd8 15.f4 Neg4
16.Nxf7+ Ke8 17.Nxh8 Nxe3 18.Nxg6 c5 19.Bd3 Nxg2 20.Rf1 Bh6 21.Kb1 c4 22.Be2 b4
23.Nd1 Ne4 24.Rg1 Nf6 25.f5 Ne3 26.Nxe3 Bxe3 27.Rd1 c3 28.Rd3 Bd2 29.Rd4 a5
30.Bb5+ Kf7 31.Bc4+ Kg7 32.Nxe7 Be3 33.Rd3 Bc5 34.Ng8 Be4 35.Rg3+ Ng4 36.f6+ Kf8
37.f7 Ne5 38.Nh6 Bg6 39.Rg5 Bd4 40.bxc3 Bxc3 41.Bd3 Bxf7 42.Nxf7 Kxf7 43.Rxh5 a4
44.Rh7+ Kf6 45.Rh6+ Kg7 46.Ra6 a3 47.Kc1 Bd4 48.h5 Be3+ 49.Kd1 Nf7 50.Ke2 Bd4
51.Kf3 Bc5 52.Kf4 Bd4 53.Kf5 Bc3 54.Ke6 Bd4 55.Ke7 Bc5+ 56.Ke6 Bd4 57.Kd5 Bc3
58.Rg6+ Kh8 59.h6 Ne5 60.Ra6  1-0

[Event "ch-SCO"]
[Site "Stirling SCO"]
[Date "2002.07.09"]
[Round "4"]
[White "Motwani,P"]
[Black "McNab,C"]
[Result "1-0"]
[WhiteElo "2509"]
[BlackElo "2404"]

1.e4 g6 2.d4 d6 3.Nc3 Bg7 4.Be3 Nf6 5.Qd2 c6 6.Nf3 Qa5 7.h3 Nbd7 8.a4 O-O
9.Bd3 e5 10.O-O Re8 11.Rfd1 exd4 12.Nxd4 Nc5 13.Bf1 Qc7 14.f3 Qe7 15.Bf2 Nfd7
16.a5 Ne5 17.f4 Bh6 18.Bg3 f6 19.b4 Ncd7 20.b5 c5 21.Nb3 Nf7 22.Bc4 Ne5 23.Bd5 Rb8
24.Qf2 Nd7 25.Nd2 Nf8 26.Nc4 Rd8 27.Rd3 Ne6 28.b6 a6 29.f5 Nd4 30.Bxf7+ Kxf7
31.Nd5 Qxe4 32.fxg6+ Kxg6 33.Qxf6+ Kh5 34.Qxd8 Ne2+ 35.Kh2 Qxc4 36.Qe8+ Kg5
37.Qxe2 Bf5 38.Qe7+ Kh5 39.Nf6+ Kg6 40.Qxh7+ Kxf6 41.Qxh6+ Kf7 42.Rf1  1-0

[Event "Open"]
[Site "Oberwart AUT"]
[Date "2002.07.10"]
[Round "6"]
[White "Kuba,G"]
[Black "Sulyok,M"]
[Result "1-0"]
[WhiteElo "2346"]
[BlackElo "2167"]

1.e4 g6 2.d4 Bg7 3.Nc3 d6 4.Be3 a6 5.Qd2 Nd7 6.h4 h5 7.Nh3 b5 8.a4 b4 9.Ne2 Rb8
10.Ng3 c5 11.Ng5 Ngf6 12.e5 dxe5 13.dxe5 Nxe5 14.Qxd8+ Kxd8 15.f4 Neg4 16.Bxc5 Ke8
17.Bc4 Nh6 18.O-O-O Nd7 19.Bd4 Bxd4 20.Rxd4 Nc5 21.a5 f6 22.N5e4 Nxe4 23.Rxe4 Rh7
24.Rd1 Nf5 25.Nxf5 gxf5 26.Red4 Bb7 27.Bd3 Be4 28.Bxa6 e5 29.fxe5 fxe5 30.Bb5+ Rxb5
31.Rd8+ Ke7 32.R1d7+ Ke6 33.Rd6+ Kf7 34.R6d7+ Kg6 35.Rg8+ Kf6 36.Rxh7 Rc5
37.c3 bxc3 38.bxc3 Rxa5 39.Kb2 Rd5 40.Rxh5 Rd2+ 41.Ka3 Rxg2 42.Rh6+ Ke7 43.Rh7+ Kd6
44.Rd8+ Kc6 45.Rh6+ Kc5 46.Re6 Rh2 47.Rxe5+ Kc4 48.Re7 Rxh4 49.Rc7+ Kb5 50.Rb8+ Ka6
51.Rc4 Ka7 52.Rb5 Rh6 53.Ra4+ Ra6 54.Rxa6+ Kxa6 55.Re5 Kb6 56.Kb4 Kc6 57.Kc4 Kd6
58.Kd4  1-0

[Event "Open"]
[Site "Oberwart AUT"]
[Date "2002.07.10"]
[Round "6"]
[White "Sandhu,M"]
[Black "Beim,V"]
[Result "0-1"]
[WhiteElo "2320"]
[BlackElo "2555"]

1.e4 d6 2.d4 g6 3.Nc3 Bg7 4.Be3 a6 5.a4 Nf6 6.h3 O-O 7.Nf3 b6 8.Qd2 Bb7 9.Bd3 c5
10.dxc5 bxc5 11.O-O Nc6 12.Rfe1 Qc7 13.Rad1 Rab8 14.Bh6 Nd4 15.Nxd4 Bxh6
16.Qxh6 cxd4 17.Ne2 e5 18.Ng3 Qe7 19.f4 Kh8 20.Qg5 Ng8 21.Qxe7 Nxe7 22.Rd2 f6
23.b3 Kg7 24.Bc4 Rbd8 25.Ne2 f5 26.fxe5 dxe5 27.exf5 Nxf5 28.c3 Ne3 29.cxd4 Nxg2
30.Rc1 Nh4 31.Rc3 Nf3+ 32.Rxf3 Rxf3  0-1

[Event "FSIMA July"]
[Site "Budapest HUN"]
[Date "2002.07.12"]
[Round "7"]
[White "Hajnal,Z"]
[Black "Resika,N"]
[Result "1-0"]
[WhiteElo "2377"]
[BlackElo "2276"]

1.e4 d6 2.d4 g6 3.Nc3 Bg7 4.Be3 a6 5.f4 b5 6.Nf3 Bb7 7.Bd3 b4 8.Nb1 Nf6 9.Nbd2 Nbd7
10.a3 a5 11.Qe2 e6 12.e5 Nd5 13.exd6 O-O 14.dxc7 Qxc7 15.g3 bxa3 16.Rxa3 Nb4
17.O-O Nxd3 18.Qxd3 Ba6 19.c4 Nf6 20.Rfa1 Bb7 21.Ne5 Rfb8 22.Nb3 Be4 23.Qc3 Bf8
24.Nc5 Bxc5 25.dxc5 Ne8 26.Rxa5 Rxa5 27.Qxa5 Qxa5 28.Rxa5 Rxb2 29.Rb5 Rg2+
30.Kf1 f6 31.Ng4 Rc2 32.Rb8 Kf7 33.Rd8 Bg2+ 34.Ke1 Ke7 35.Rd2 Rc1+ 36.Kf2 Bh3
37.c6 Nd6 38.Nxf6 Rxc4 39.Ng8+ Kf7 40.Rxd6 Kxg8 41.Bb6 e5 42.fxe5 Kf7 43.Ke3 Bf5
44.Bd4 h5 45.Kf4 Ke7 46.Ke3 Rc2 47.h4 Rc4 48.Kf3 Rc2 49.Kf4 Rc4 50.Kg5 Be4
51.c7 Rxc7 52.Rxg6 Bxg6 53.Kxg6 Rc4 54.Bf2 Ke6 55.Kxh5 Kxe5 56.g4 Kf6 57.Bb6 Kg7
58.Be3 Re4 59.Bd2 Rc4 60.Be3 Re4 61.Bc1 Re5+ 62.g5 Kh7 63.Kg4 Rc5 64.Bf4 Rb5
65.h5 Rb6 66.Kf5 Rb5+ 67.Kg4 Kg8 68.Bd2 Rd5 69.Bc3 Rc5 70.Bb2 Rb5 71.Bf6 Kf7
72.Bc3 Kg8 73.g6 Rb1 74.h6 Rg1+ 75.Kf5 Rf1+ 76.Ke6 Rh1 77.Bd2 Rh2 78.Bf4 Rh1
79.Kf5 Rh5+ 80.Kg4 Rh1 81.Bg5 Rg1+ 82.Kh5 Rh1+ 83.Bh4 Kh8 84.Kg4 Kg8 85.Kh5 Kh8
86.Kg5 Kg8 87.Kg4 Rg1+ 88.Kf5 Rf1+ 89.Ke6 Rh1 90.h7+ Kg7 91.h8=Q+ Kxh8 92.Kf7  1-0

[Event "Open Championships"]
[Site "Paris FRA"]
[Date "2002.07.13"]
[Round "8"]
[White "Draoui,N"]
[Black "Chomet,P"]
[Result "0-1"]
[WhiteElo "2254"]
[BlackElo "2376"]

1.e4 g6 2.d4 Bg7 3.Nc3 d6 4.Be3 c6 5.Qd2 b5 6.Bd3 Nd7 7.Nf3 a6 8.O-O-O e5
9.h3 Bb7 10.Rhe1 Ngf6 11.dxe5 dxe5 12.g4 Qc7 13.Kb1 Rd8 14.Bh6 O-O 15.Qg5 b4
16.Ne2 c5 17.Ng3 c4 18.Bf1 b3 19.Bxg7 bxc2+ 20.Kxc2 Kxg7 21.Kb1 c3 22.Rc1 Nxe4
23.Nxe4 Bxe4+ 24.Rxe4 Qb7 25.Re2 Qxf3 26.Rxc3 Qb7 27.Rec2 Nf6 28.Qxe5 Rfe8
29.Qa5 Re1+ 30.Rc1 Qe4+ 31.Ka1 Rdd1 32.Qc5 Rxf1  0-1

[Event "Richard Aronow Mem"]
[Site "Philadelphia USA"]
[Date "2002.07.13"]
[Round "2"]
[White "Gersov,E"]
[Black "Zaichik,G"]
[Result "0-1"]
[WhiteElo "2351"]
[BlackElo "2516"]

1.e4 g6 2.d4 Bg7 3.Nc3 d6 4.f4 Nf6 5.Nf3 O-O 6.e5 dxe5 7.fxe5 Nd5 8.Ne4 Bf5
9.Nc5 Nd7 10.Nxd7 Qxd7 11.c3 c5 12.a3 cxd4 13.cxd4 Rac8 14.Bd3 Rxc1 15.Rxc1 Bh6
16.Bxf5 Qxf5 17.O-O Be3+ 18.Kh1 Bxc1 19.Qxc1 Rc8 20.Qh6 Qf4 21.Qxf4 Nxf4
22.Ng5 Rc4 23.Nxf7 Rxd4 24.Ng5 h6 25.Nf3 Rc4 26.h3 g5 27.h4 Ne6 28.hxg5 hxg5
29.Rd1 Kf7 30.Kh2 g4 31.Nh4 Nc5 32.Rf1+ Ke6 33.Kg3 Nd3 34.Ng6 Nxb2 35.Rb1 Rc2
36.Nf4+ Kf5 37.Nd5 Kxe5 38.Nxe7 b6 39.Nc6+ Rxc6 40.Rxb2 Rc3+ 41.Kxg4 Rxa3
42.Rf2 Ke6 43.Kh4 b5 44.g4 b4 45.g5 Ra1 46.g6 Rg1 47.Kh5 b3 48.Rb2 Kf5 49.Rf2+ Ke4
50.Rb2 Rg3 51.Kh4 Rxg6 52.Rxb3 a5 53.Ra3 Ra6 54.Kg3 Kd4 55.Kf2 Kc4 56.Ke2 Kb4
57.Rd3 a4 58.Rd4+ Kc3 59.Rd3+ Kc4 60.Rd8 a3 61.Rc8+ Kb3 62.Rb8+ Ka4  0-1

[Event "XX Open"]
[Site "Andorra la Vella AND"]
[Date "2002.07.14"]
[Round "9"]
[White "Cheparinov,I"]
[Black "Delchev,A"]
[Result "1/2-1/2"]
[WhiteElo "2492"]
[BlackElo "2557"]

1.e4 g6 2.d4 Bg7 3.Nc3 d6 4.Nf3 a6 5.Be2 e6 6.a4 b6 7.O-O Ne7 8.Be3 Nd7 9.Qd2 h6
10.Rad1 Bb7 11.Ne1 Nf6 12.f3 g5 13.Nd3 Ng6 14.b4 a5 15.b5 e5 16.Nf2 Nd7 17.Nh1 exd4
18.Bxd4 Bxd4+ 19.Qxd4 Qf6 20.Ng3 Qxd4+ 21.Rxd4 Nde5 22.Bc4 Nxc4 23.Rxc4 O-O-O
24.Rd4 Nf4 25.Nf5 Rde8 26.Rfd1 Re5 27.Rc4 Kb8 28.Ne3 Ne6 29.Ng4 Rc5 30.Rxc5 Nxc5
31.Kf2 h5 32.Ne3 h4 33.Rd4 Re8 34.Ne2 Re5 35.Ng4 Re6 36.Nc3 Kc8 37.Ne3 Re8
38.Ng4 Kb8 39.Ne3 Bc8 40.Ncd5 Be6 41.Nc3 Kb7 42.Rd1 Bd7 43.Rd5 Re5 44.Nc4 Rxd5
45.exd5 Kc8 46.g3 Kd8 47.g4 f5 48.h3 Ke7 49.Nd2 fxg4 50.fxg4 Be8 51.Nde4 Bg6
52.Ke3 Bxe4 53.Nxe4 Nxa4 54.Kd4 Nb2 55.Kc3 Na4+ 56.Kd4 Nc5 57.Nxg5 a4 58.Nf3 a3
59.Kc3 Kf6 60.Nxh4 Ke5 61.Nf5 Kxd5 62.Ne3+ Ke4 63.Nc4 a2 64.Kb2 Kf4 65.Kxa2 Ne4
66.Kb3 Nf2 67.Kc3 d5 68.Nxb6 cxb6  1/2-1/2

[Event "1st Open"]
[Site "Condom FRA"]
[Date "2002.07.15"]
[Round "4"]
[White "Inkiov,V"]
[Black "Sanchez,N"]
[Result "1-0"]
[WhiteElo "2421"]
[BlackElo "2158"]

1.e4 g6 2.d4 Bg7 3.Nc3 d6 4.h4 Nf6 5.f3 a6 6.Be3 b5 7.Qd2 h5 8.Nh3 Bb7 9.O-O-O Nbd7
10.Ng5 O-O 11.g4 Rc8 12.gxh5 Nxh5 13.Bh3 e6 14.Rhg1 Qf6 15.Bg4 Nb6 16.Bxh5 Nc4
17.Qe2 Nxe3 18.Qxe3 gxh5 19.f4 Qh6 20.e5 Rfd8 21.Nce4 Bxe4 22.Nxe4 Kf8 23.Rg5 Qh7
24.Rdg1 d5 25.Nf6 Bxf6 26.exf6 Ke8 27.f5 Rd6 28.Rf1 Rc6 29.Rg7 Qh8 30.Rfg1 Kf8
31.Rg8+  1-0

[Event "24th Politiken Cup"]
[Site "Copenhagen DEN"]
[Date "2002.07.16"]
[Round "2"]
[White "Schmied,A"]
[Black "Hillarp Persson,T"]
[Result "0-1"]
[WhiteElo "2134"]
[BlackElo "2461"]

1.e4 g6 2.d4 Bg7 3.Nc3 d6 4.Be3 a6 5.Qd2 Nd7 6.Nf3 b5 7.Bd3 c5 8.a4 b4 9.Ne2 Bb7
10.c3 Ngf6 11.Bh6 bxc3 12.bxc3 Bxh6 13.Qxh6 Bxe4 14.Bxe4 Nxe4 15.Qg7 Rf8
16.O-O Ndf6 17.dxc5 Rg8 18.Qh6 g5 19.Nfd4 Qc8 20.cxd6 Nxd6 21.Ng3 Rg6 22.Qh3 Qxh3
23.gxh3 Rc8 24.Rfe1 Nd5 25.Re5 e6 26.Ndf5 Nc4 27.Re4 Kf8 28.Nd4 Nd6 29.Ree1 Nf4
30.Rab1 Nxh3+ 31.Kf1 Rf6 32.f3 g4 33.Nh5 Rxf3+ 34.Nxf3 gxf3 35.Re3 Nc4 36.Rd3 Ne5
37.Rbd1 Nxd3 38.Rxd3 Ng5  0-1

[Event "24th Politiken Cup"]
[Site "Copenhagen DEN"]
[Date "2002.07.16"]
[Round "2"]
[White "Aagaard,J"]
[Black "Bogdanov,D"]
[Result "1-0"]
[WhiteElo "2359"]
[BlackElo "2096"]

1.e4 g6 2.d4 Bg7 3.Nc3 d6 4.Be3 c6 5.Qd2 Nd7 6.f4 b5 7.Nf3 a6 8.a3 Bb7 9.Be2 c5
10.dxc5 Nxc5 11.e5 Ne4 12.Nxe4 Bxe4 13.Ng5 Bxg2 14.e6 Nh6 15.exf7+ Nxf7 16.Ne6 Bxh1
17.Nxg7+ Kd7 18.Bg4+ e6 19.O-O-O Bc6 20.Nxe6 Qh4 21.Ng5+ Qxg4 22.Nxf7 Qe6
23.Nxd6 Bd5 24.Qxd5 Qxd5 25.Rxd5 Kc6 26.Rd3 Rad8 27.Bd4 Rhf8 28.Be5 Rd7 29.Kd2 h6
30.Ke3 g5 31.Ke4 gxf4 32.Rc3+ Kb6 33.Bd4+ Ka5 34.Rc6 Ra8 35.Bc3+  1-0

[Event "Dutch Open"]
[Site "Dieren NED"]
[Date "2002.07.16"]
[Round "7"]
[White "Michielsen,J"]
[Black "Verholt,G"]
[Result "1-0"]
[WhiteElo "2163"]
[BlackElo "2134"]

1.e4 g6 2.d4 Bg7 3.Nc3 d6 4.Be3 c6 5.Qd2 b5 6.Bd3 a6 7.h3 Bb7 8.Nf3 Nd7 9.O-O Ngf6
10.Bh6 O-O 11.e5 Ne8 12.Bxg7 Kxg7 13.Ne4 dxe5 14.Nxe5 Nxe5 15.dxe5 Qd5 16.Qc3 c5
17.Qxc5 Rc8 18.Qxe7 Rc7 19.Qg5 h6 20.Qg3 Re7 21.f4 Qd4+ 22.Qf2 Qxb2 23.a4 Bxe4
24.Bxe4 Qb4 25.Bd3 bxa4 26.Rfb1 Qa5 27.Qd4 Nc7 28.Rxa4 Qd2 29.Qd6 Rfe8 30.Rb7 Qc3
31.Rc4  1-0

[Event "3rd Stage Russian Cup"]
[Site "Tomsk RUS"]
[Date "2002.07.16"]
[Round "9"]
[White "Pokazanjev,N"]
[Black "Odinokov,N"]
[Result "1-0"]
[WhiteElo "2329"]
[BlackElo "2313"]

1.e4 g6 2.d4 Bg7 3.Nc3 d6 4.f4 Nf6 5.Nf3 O-O 6.e5 Nfd7 7.h4 c5 8.h5 cxd4
9.hxg6 hxg6 10.Qxd4 Nc6 11.Qg1 dxe5 12.Qh2 Nf6 13.fxe5 Nh5 14.Bd3 Qa5 15.Bf4 Qb4
16.Bd2 Bg4 17.a3 Qb6 18.O-O-O Bxf3 19.gxf3 Nxe5 20.Be2 Rfc8 21.f4 Nc4 22.Bxc4 Rxc4
23.f5 Rac8 24.fxg6 fxg6 25.Rdg1 R4c6 26.Qg2 Qd4 27.Qe2 Rd8 28.Rg4 Qxd2+ 29.Qxd2 Rxd2
30.Kxd2 Bxc3+ 31.bxc3 Kf7 32.Ra4 a6 33.Rb4 b5 34.c4 bxc4 35.Kc3 Nf6 36.Rxc4 Rb6
37.a4 g5 38.a5 Rd6 39.Rd4 Nd5+ 40.Kd2 e5 41.Rd3 Nf6 42.Rxd6 Ne4+ 43.Kd3 Nxd6
44.Rh7+ Ke6 45.Ra7 e4+ 46.Ke2 Kd5 47.Rxa6 Nb5 48.Rg6 Nd4+ 49.Kd1 e3 50.a6 e2+
51.Ke1 Nxc2+ 52.Kxe2 Nd4+ 53.Kf2 Nc6 54.Rg7  1-0

[Event "24th Politiken Cup"]
[Site "Copenhagen DEN"]
[Date "2002.07.17"]
[Round "3"]
[White "Naes,F"]
[Black "Hoi,C"]
[Result "0-1"]
[WhiteElo "2232"]
[BlackElo "2419"]

1.e4 g6 2.d4 Bg7 3.Nc3 d6 4.Be3 c6 5.Qd2 b5 6.f3 Nd7 7.Nge2 a6 8.Nf4 e5 9.dxe5 dxe5
10.Nd3 Bh6 11.Bxh6 Qh4+ 12.g3 Qxh6 13.Qxh6 Nxh6 14.Bh3 f6 15.O-O-O Nf7 16.Nb4 Nc5
17.Bxc8 Rxc8 18.a4 Ke7 19.h4 h5 20.a5 Nd8 21.Nd3 Nde6 22.Nxc5 Nxc5 23.Na2 Rhd8
24.Nb4 Rd6 25.Rxd6 Kxd6 26.Rd1+ Kc7 27.c3 f5 28.Nd3 Nxd3+ 29.Rxd3 Rf8 30.Rd2 fxe4
31.fxe4 Rf3 32.Rg2 Re3 33.g4 Rxe4 34.gxh5 gxh5 35.Rg5 Rxh4 36.Rxe5 Rh1+ 37.Kc2 h4
38.Rh5 h3 39.Rh7+ Kd6 40.Rh6+ Kd5 41.b4 Ke4 42.Kb2 Kd3 43.Rd6+ Ke3 44.Rh6 Kf4
45.Rh8 Rh2+ 46.Kb3 Kg4 47.Rg8+ Kf3 48.Rh8 Ke2 49.Kc2 Ke1+ 50.Kc1 Kf1 51.Kb1 Kg2
52.Rg8+ Kf3 53.Rh8 Ke3 54.Rh6 Kd3 55.Rxc6 Rg2  0-1

[Event "24th Politiken Cup"]
[Site "Copenhagen DEN"]
[Date "2002.07.18"]
[Round "4"]
[White "Rossen,C"]
[Black "Jakobsen,O"]
[Result "1/2-1/2"]
[WhiteElo "2185"]
[BlackElo "2398"]

1.d4 d6 2.e4 g6 3.Nc3 Bg7 4.Be3 a6 5.a4 b6 6.Qd2 Bb7 7.f3 Nd7 8.Bc4 e6 9.Nh3 Ngf6
10.Bh6 Nxe4 11.Qf4 Bxh6 12.Qxh6 Nxc3 13.bxc3 d5 14.Bd3 Qe7 15.O-O O-O-O 16.Rfe1 Kb8
17.Rab1 a5 18.Bb5 Ka7 19.Qf4 Nb8 20.Nf2 g5 21.Qe5 h5 22.f4 gxf4 23.Qxf4 Rdg8
24.Re3 Rg7 25.Rg3 Rhg8 26.Rxg7 Rxg7 27.Qh6 Qg5 28.Qxg5 Rxg5 29.Nh3 Rg7 30.Nf4 h4
31.Kf2 Bc6 32.Kf3 Bxb5 33.axb5 c6 34.bxc6 Nxc6 35.Nh5 Rg6 36.g4 e5 37.Rd1 a4
38.h3 e4+ 39.Ke2 Na5 40.Rf1 a3 41.Nf6 Rg5 42.Nh7 Rg7 43.Nf6 Rg5 44.Nh7  1/2-1/2

[Event "Dutch Open"]
[Site "Dieren NED"]
[Date "2002.07.18"]
[Round "9"]
[White "Zimmerman,L"]
[Black "Verholt,G"]
[Result "1/2-1/2"]
[WhiteElo "2114"]
[BlackElo "2134"]

1.e4 g6 2.d4 Bg7 3.Nc3 d6 4.f4 c6 5.Nf3 b5 6.Bd3 a6 7.Be3 Bb7 8.O-O Nf6 9.Kh1 O-O
10.a3 Nbd7 11.e5 Ne8 12.Ne4 c5 13.c3 cxd4 14.cxd4 Nb6 15.f5 Nc4 16.Qe2 dxe5
17.Nxe5  1/2-1/2

[Event "Open Aegean Ch"]
[Site "Ikaros GRE"]
[Date "2002.07.19"]
[Round "7"]
[White "Shavtvaladze,N"]
[Black "Koukoufikis,A"]
[Result "1-0"]
[WhiteElo "2399"]
[BlackElo "2169"]

1.e4 g6 2.d4 Bg7 3.Nc3 d6 4.f4 Nf6 5.Nf3 O-O 6.Be3 c6 7.e5 Ng4 8.Bg1 c5 9.dxc5 dxe5
10.h3 Nh6 11.Qxd8 Rxd8 12.Nxe5 Bxe5 13.fxe5 Nc6 14.g4 Nxe5 15.Bg2 Bd7 16.Nd5 Kf8
17.O-O-O Bc6 18.Bh2 Nd7 19.b4 a5 20.b5 Bxd5 21.Rxd5 Rac8 22.c6 bxc6 23.bxc6 Rxc6
24.Rxd7 Rxc2+ 25.Kxc2 Rxd7 26.Rb1 f6 27.Rb8+ Kg7 28.Ra8 e5 29.Rxa5 Nf7 30.a4 Re7
31.Bg1 f5 32.Ra7 Rxa7 33.Bxa7 e4 34.a5 Nd6 35.a6 Kf8 36.Bc5  1-0

[Event "KB Czech Open"]
[Site "Pardubice CZE"]
[Date "2002.07.19"]
[Round "1"]
[White "Harikrishna,P"]
[Black "Lorscheid,G"]
[Result "1-0"]
[WhiteElo "2568"]
[BlackElo "2296"]

1.d4 g6 2.e4 d6 3.Nc3 Bg7 4.Be3 c6 5.Qd2 Nd7 6.h4 h5 7.f3 Ngf6 8.Nh3 b5 9.a4 b4
10.Ne2 Rb8 11.Ng5 Qc7 12.Nf4 O-O 13.g4 e5 14.dxe5 Nxe5 15.gxh5 gxh5 16.Rg1 Kh8
17.O-O-O d5 18.Bd4 c5 19.Bxe5 Qxe5 20.Nxf7+  1-0

[Event "17th Open"]
[Site "Avoine FRA"]
[Date "2002.07.20"]
[Round "1"]
[White "Rihouay,C"]
[Black "Mihajlovskij,S"]
[Result "0-1"]
[WhiteElo "2128"]
[BlackElo "2394"]

1.e4 g6 2.d4 Bg7 3.Nc3 d6 4.Be3 c6 5.Qd2 b5 6.O-O-O Nd7 7.h4 h5 8.f4 Ngf6
9.e5 b4 10.exf6 bxc3 11.Qxc3 Nxf6 12.Qxc6+ Bd7 13.Qa6 Ng4 14.Qa3 O-O 15.Nf3 Qb6
16.Bg1 Rab8 17.Bd3 Rfc8 18.Kb1 a5 19.Rc1 Qb7 20.Ng5 a4 21.Be4 d5 22.Bd3 e5
23.b3 Bf8 24.Qb2 e4 25.Be2 Qc7 26.Bxg4 Bxg4 27.Bh2 Bf5 28.Rhe1 a3 29.Qa1 e3  0-1

[Event "Open"]
[Site "Bergen NOR"]
[Date "2002.07.20"]
[Round "1"]
[White "Ellingsen,R"]
[Black "Bern,I"]
[Result "1-0"]
[WhiteElo "2053"]
[BlackElo "2362"]

1.e4 g6 2.d4 Bg7 3.Nc3 d6 4.Nf3 a6 5.Be2 b5 6.Bf4 Bb7 7.a3 Nd7 8.h4 c5 9.d5 Ngf6
10.Nd2 h5 11.f3 Nb6 12.Nb3 Qc7 13.Qd2 Rd8 14.Rd1 Nfd7 15.Qc1 Ne5 16.Nb1 e6
17.dxe6 fxe6 18.c3 O-O 19.Bg5 Rc8 20.Na5 Ba8 21.O-O c4 22.b4 d5 23.f4 Nf7
24.e5 Nxg5 25.hxg5 Rcd8 26.Rd4 Nc8 27.g4 hxg4 28.Bxg4 Qb6 29.Kg2 Ne7 30.Qe3 Kf7
31.Nd2 Rh8 32.Nf3 Rh7 33.Rh1 Rxh1 34.Kxh1 Rh8+ 35.Kg2 Qb8 36.Kg3 Rh1 37.Rd2 d4
38.Nxd4 Qh8 39.Bxe6+ Kf8 40.Nf3 Ke8  1-0

[Event "KB Czech Open"]
[Site "Pardubice CZE"]
[Date "2002.07.20"]
[Round "2"]
[White "Vavra,P1"]
[Black "Inarkiev,E"]
[Result "1/2-1/2"]
[WhiteElo "2390"]
[BlackElo "2545"]

1.e4 g6 2.d4 Bg7 3.Nc3 d6 4.Be3 a6 5.f4 b5 6.Be2 b4 7.Na4 Nf6 8.Bf3 Bb7 9.e5 Nd5
10.Bd2 Qc8 11.c4 bxc3 12.bxc3 Nd7 13.c4 N5b6 14.c5 Nd5 15.Rc1 dxc5 16.dxc5 Bc6
17.Ne2 Nb8 18.Qb3 Qd7 19.Nac3 Nxc3 20.Qxc3 O-O 21.O-O Bxf3 22.Qxf3 Qxd2 23.Rfd1 Qb2
24.Rb1 Qxa2 25.Nc3 Qc4 26.Qxa8 Qxc5+ 27.Kh1 Nc6 28.Qb7 Qxc3 29.Qxc7 Qc4 30.Rbc1 Qxf4
31.Qxc6 Bxe5 32.g3 Qf5 33.Rf1 Qg4 34.Rc4 Qe2 35.Rfc1 Bd6 36.Qxa6 Qf3+ 37.Kg1 Qe3+
38.Kh1 Qf3+ 39.Kg1 Qe3+ 40.Kh1 Rb8 41.Qc6 Rb2 42.R4c2 Rb6 43.Qc8+ Kg7 44.Qc3+ Qxc3
45.Rxc3 g5 46.g4 Kg6 47.R1c2 h5 48.h3 f6 49.Rc6 Rb4 50.R2c4 Rb7 51.Kg2 Be5
52.Re4 Rb2+ 53.Kf3 Bd6 54.Re2 Rb1 55.Rc3 Rd1 56.Rce3 Bf4 57.gxh5+ Kf5 58.Rxe7 Rd3+
59.Kg2 Rg3+ 60.Kh2 Rd3+ 61.Kg2 Rg3+ 62.Kh2 Rd3+  1/2-1/2

[Event "KB Czech Open"]
[Site "Pardubice CZE"]
[Date "2002.07.20"]
[Round "2"]
[White "Onoprienko,V"]
[Black "Fridman,D"]
[Result "1/2-1/2"]
[WhiteElo "2407"]
[BlackElo "2571"]

1.e4 d6 2.d4 g6 3.Nc3 Bg7 4.Be3 a6 5.f4 b5 6.Nf3 b4 7.Nb1 c5 8.Nbd2 cxd4
9.Bxd4 Nf6 10.Nc4 Nc6 11.Bb6 Qd7 12.e5 dxe5 13.Nfxe5 Qe6 14.Ne3 Nd7 15.Bc4 Qd6
16.Bxf7+ Kf8 17.Qxd6 exd6 18.Nxc6 Nxb6 19.Bb3 Bd7 20.Na5 Re8 21.O-O-O Nc8
22.Rhe1 Bh6 23.g3 g5 24.Nb7 gxf4 25.gxf4 Bb5 26.Nxd6 Rxe3 27.Rxe3 Bxf4 28.Nf5 Bxe3+
29.Nxe3 Kg7 30.Rg1+ Kf8 31.Rg4 a5 32.Rg5 Nd6 33.Rd5 Ke7 34.Nf5+ Nxf5 35.Rxb5 Nd4
36.Rxa5 h5 37.Re5+ Kf6 38.Re4 Rd8 39.c3 bxc3 40.bxc3 Nf5 41.Bc2 Ne7 42.h4 Nc6
43.Rf4+ Ke6 44.Rf5 Rh8 45.Rg5 Ne5 46.Bd1 Rc8 47.Rg3 Kf6 48.a4 Rc4 49.Rh3 Ng6
50.Kb2 Nxh4 51.Kb3 Re4 52.Bxh5 Nf5 53.a5 Re5 54.Kb4 Nd6 55.a6 Rb5+ 56.Ka4 Rb2
57.Rf3+ Kg7 58.Rd3 Ra2+ 59.Kb4 Rxa6 60.Be2 Rc6 61.Bf3 Ra6 62.Bb7 Nxb7 63.Rd7+ Kf8
64.Rxb7 Ke8 65.Kb5 Rh6 66.Rc7 Kd8 67.Rc6 Rh1 68.c4 Kd7 69.Rg6 Kc7  1/2-1/2

[Event "Richard Aronow Mem"]
[Site "Philadelphia USA"]
[Date "2002.07.20"]
[Round "8"]
[White "Rogers,N"]
[Black "Zaichik,G"]
[Result "0-1"]
[WhiteElo "2354"]
[BlackElo "2516"]

1.e4 g6 2.d4 Bg7 3.Nc3 d6 4.Be3 a6 5.Qd2 b5 6.h4 h5 7.Nh3 Bxh3 8.Rxh3 c6
9.f3 Nd7 10.a4 b4 11.Nd1 a5 12.c3 Rb8 13.Nf2 bxc3 14.bxc3 e6 15.Rh1 Ne7 16.Bd3 d5
17.g4 dxe4 18.Nxe4 Nd5 19.gxh5 Rxh5 20.Bg5 Qc7 21.Kf2 Rh8 22.Kg2 f6 23.Be3 Kf7
24.Rae1 Rbe8 25.Rb1 Nxe3+ 26.Qxe3 Bh6 27.Qe2 Bf4 28.Bc4 Re7 29.Qa2 Kg7 30.Bxe6 f5
31.Bxd7 fxe4 32.Bg4 exf3+ 33.Bxf3 Rf8 34.Qc4 Rf6 35.Qa6 Ref7 36.Rh3 Qe7 37.Qe2 Qa3
38.Bxc6 Rxc6 39.Rf3 Rxc3 40.Rbf1 Rxf3 41.Rxf3 Qd6 42.Qe4 Qc7  0-1

[Event "25th Open"]
[Site "Ghent BEL"]
[Date "2002.07.21"]
[Round "3"]
[White "Den Dekker,W"]
[Black "Gurevich,M"]
[Result "0-1"]
[WhiteElo "2210"]
[BlackElo "2649"]

1.e4 d6 2.d4 g6 3.Nc3 Bg7 4.Bg5 a6 5.Bc4 Nc6 6.Nge2 Nf6 7.f3 b5 8.Bd3 Bb7
9.O-O Nd7 10.Be3 Nb4 11.a3 Nxd3 12.cxd3 c5 13.Rc1 O-O 14.Qe1 Rc8 15.h4 cxd4
16.Nxd4 Nc5 17.Rd1 d5 18.b4 Nd7 19.exd5 Nb6 20.Nc6 Bxc6 21.dxc6 Rxc6 22.Ne4 Nd5
23.Bc5 Qc7 24.h5 gxh5 25.Ng3 Re6 26.Qf2 Nf4 27.Nf5 Qe5 28.Nxg7 Qxg7  0-1

[Event "Capital of Siberia Open"]
[Site "Novosibirsk RUS"]
[Date "2002.07.22"]
[Round "4"]
[White "Zinoviev,S"]
[Black "Ryabov,S"]
[Result "1/2-1/2"]
[WhiteElo "2081"]
[BlackElo "2221"]

1.e4 g6 2.d4 Bg7 3.Nc3 d6 4.f4 Nf6 5.Nf3 c5 6.dxc5 Qa5 7.Bd3 Qxc5 8.Qe2 O-O
9.Be3 Qa5 10.O-O Bg4 11.h3 Bxf3 12.Qxf3 Nc6 13.Ne2 Nb4 14.Bd4 Rac8 15.Bc3 Qc5+
16.Kh1 Nxd3 17.cxd3 d5 18.Rac1 dxe4 19.dxe4 Qc6 20.e5 Qxf3 21.Rxf3 Nd5 22.Rd1 e6
23.Bd4 Rfd8 24.Bxa7 Rc2 25.Nc3 Rxb2 26.Rfd3 Bf8 27.Nxd5 Rxd5 28.Rxd5 exd5
29.a4 Rb4 30.Rd4 Rxd4 31.Bxd4 h5 32.g3 Bh6 33.Kg2 Kf8 34.Kf3 Ke7 35.g4 Ke6
36.Bb2 Bf8 37.Bd4 Be7 38.Ke3 Ba3 39.Kd3 Bc1 40.Be3 hxg4 41.hxg4 Bb2 42.Bd4 Bc1
43.Be3  1/2-1/2

[Event "17th Open"]
[Site "Avoine FRA"]
[Date "2002.07.23"]
[Round "4"]
[White "Masera,M"]
[Black "Touze,JP"]
[Result "1-0"]
[WhiteElo "2009"]
[BlackElo "2131"]

1.d4 g6 2.e4 Bg7 3.Nc3 d6 4.Be3 a6 5.Qd2 h5 6.Bd3 Nc6 7.Nce2 Nf6 8.h3 e5
9.d5 Ne7 10.c4 Bd7 11.f4 Nh7 12.fxe5 Bxe5 13.Nf3 Bg7 14.Bd4 O-O 15.Bxg7 Kxg7
16.g4 Nf6 17.g5 Nh7 18.Qc3+ Kg8 19.h4 Bg4 20.Rf1 Qd7 21.Ned4 c5 22.Ne2 b5
23.b3 bxc4 24.Bxc4 f5 25.e5 Bxf3 26.Rxf3 Nc8 27.Nf4 Qe8 28.Ne6 Rf7 29.O-O-O Nf8
30.exd6 Nxd6 31.Re1 Qc8 32.Rfe3 a5 33.Nf4 a4 34.Nxg6 Nxg6 35.Re6 Nf8 36.Rxd6 axb3
37.Rh6 Nh7 38.d6 Qb7 39.Rg6+ Kf8 40.Qh8+  1-0

[Event "24th Politiken Cup"]
[Site "Copenhagen DEN"]
[Date "2002.07.23"]
[Round "8"]
[White "Turov,M"]
[Black "Hillarp Persson,T"]
[Result "1-0"]
[WhiteElo "2518"]
[BlackElo "2461"]

1.e4 g6 2.d4 Bg7 3.Nc3 d6 4.Be3 a6 5.a4 b6 6.f4 Nd7 7.Nf3 e6 8.Bd3 Ne7 9.Ne2 Bb7
10.O-O h6 11.f5 exf5 12.exf5 g5 13.Ng3 Nf6 14.c4 g4 15.Nd2 d5 16.b3 h5 17.c5 h4
18.Ne2 bxc5 19.dxc5 h3 20.Nd4 hxg2 21.Rf2 Rh3 22.Qe2 Kd7 23.Rxg2 Qh8 24.Nf1 Nc6
25.Nxc6 Bxc6 26.Rd1 Rb8 27.Bxa6 Rxb3 28.Bb5 Qa8 29.Bd4 Bxb5 30.axb5 Qe8 31.c6+ Kd6
32.Qa2 Rxb5 33.Qa1 Qd8 34.Be5+ Ke7 35.Ng3 Kf8 36.Ne4 Nxe4 37.Bxg7+ Kg8 38.Rxg4 Kh7
39.Bd4 f6 40.Qa2 Qd6 41.Qg2  1-0

[Event "Battle of Senta Open"]
[Site "Senta YUG"]
[Date "2002.07.23"]
[Round "7"]
[White "Dragovic,M"]
[Black "Kopasz,R"]
[Result "1-0"]
[WhiteElo "2370"]
[BlackElo "2328"]

1.e4 d6 2.d4 g6 3.Nc3 Bg7 4.Be2 Nd7 5.Be3 c6 6.a4 e5 7.dxe5 dxe5 8.Nf3 Ngf6
9.Qd6 Qe7 10.Qxe7+ Kxe7 11.Nd2 h5 12.h3 Bh6 13.Bxh6 Rxh6 14.a5 Ne8 15.Nc4 Nd6
16.h4 Nxc4 17.Bxc4 Nf8 18.O-O Be6 19.Ra4 Rh8 20.Rd1 Rc8 21.Rb4 Bxc4 22.Rxc4 Ne6
23.Kf1 Rhd8 24.Rxd8 Kxd8 25.g3 Kd7 26.b4 b5 27.axb6 axb6 28.b5 cxb5 29.Rxc8 Kxc8
30.Nxb5 Kd7 31.Na3 Kc6 32.Nc4 f6 33.Ne3 Kc5 34.Ke2 b5 35.c3 Nc7 36.f4 exf4
37.gxf4 b4 38.cxb4+ Kxb4 39.Nf1 Kc5 40.Ke3 Kd6 41.Ng3 Ke6 42.Ne2 Ne8 43.Nd4+ Kf7
44.Nb5 Ng7 45.Nc7 g5 46.f5 Ne8 47.Ne6 Ng7 48.Nd4 Ke7 49.hxg5 fxg5 50.e5 Ne8
51.Ne6 g4 52.Nf4 Nc7 53.Nxh5 Nd5+ 54.Ke4 Nb4 55.f6+ Ke6 56.Ng7+ Kf7 57.Kf5 Nc6
58.e6+ Kf8 59.Kxg4  1-0